| Tag |
First Indicator |
Second Indicator |
Subfields |
| LEADER |
00000cam a22000007a 4500 |
| 001 |
in00000892467 |
| 005 |
20151019155356.0 |
| 008 |
891229s1989 enk 00100 eng d |
| 020 |
|
|
|a 0521376750
|
| 035 |
|
|
|a (OCoLC)20834916
|
| 035 |
|
|
|9 AEK7575AM
|
| 040 |
|
|
|a MTE
|c MTE
|d TXA
|d UtOrBLW
|
| 049 |
|
|
|a TXAM
|c [A12986829]
|
| 050 |
|
4 |
|a QA76.73.P2
|b N86 1989
|
| 245 |
0 |
0 |
|a Numerical recipes example book (Pascal) /
|c William T. Vetterling [and others].
|
| 250 |
|
|
|a Rev. ed.
|
| 264 |
|
1 |
|a Cambridge ;
|a New York :
|b Cambridge University Press,
|c 1989.
|
| 300 |
|
|
|a viii, 223 pages ;
|c 24 cm.
|
| 336 |
|
|
|a text
|b txt
|2 rdacontent
|
| 337 |
|
|
|a unmediated
|b n
|2 rdamedia
|
| 338 |
|
|
|a volume
|b nc
|2 rdacarrier
|
| 500 |
|
|
|a Includes index.
|
| 650 |
|
0 |
|a Pascal (Computer program language)
|
| 700 |
1 |
|
|a Vetterling, William T.
|
| 999 |
|
|
|a MARS
|
| 999 |
f |
f |
|s 0ec1acc1-45e4-3790-8743-ff4708efad6e
|i 35bb84b4-a7da-3c04-ad02-e21d3a6fcd5a
|t 0
|
| 952 |
f |
f |
|p normal
|a Texas A&M University
|b College Station
|c Sterling C. Evans Library
|d Evans: Library Stacks
|t 0
|e QA76.73.P2 N86 1989
|h Library of Congress classification
|i unmediated -- volume
|m A14812986829
|
| 998 |
f |
f |
|a QA76.73.P2 N86 1989
|t 0
|l Evans: Library Stacks
|